00675nam a22001937a 450000500170000001000150001702000260003203500140005803700090007208200110008110000230009224500570011526000400017227000750021230000170028794200250030499900190032995201330034820250519143453.0 aENG-144963 a9788192557312c750.00 aEN-128495 bDBAD a954.05 aBeri, Vikas981268 aThe Hero Of Haldighati/cVikas BeribMaharana Pratap aNew Delhi bJ. K. Computers, c2017 a1st Floor, H-1/48, Bengali Colony Mahaveer EnclavebNew Delhi e110045 a200Pc23(HB) 2ddccENh954.05mBER c211339d211339 001040718NFICaDBADbDBADd2025-05-19eDBADg750.00l0o954.05 BERpEN-128495r2025-05-19 00:00:00t1v750.00w2025-05-19yEN